| 000 | 00930nam a22002657a 4500 | ||
|---|---|---|---|
| 001 | BR8901959 | ||
| 003 | BR-BrBNA | ||
| 005 | 20230928093207.0 | ||
| 007 | ta | ||
| 008 | 230509b bl.||||| |||| 00| 0 por d | ||
| 040 |
_aBR-BrBNA _bpor _cBiblioteca Nacional de Agricultura |
||
| 041 | _a(Por) | ||
| 072 |
_aH10 _b4050 |
||
| 090 | _ 4050 BR8901959 | ||
| 100 | 1 | _aCosta, D. da C. | |
| 110 | 1 |
_aUniversidade Federal de Vicosa, MG (Brasil) _0Tese (Magister Scientiae) |
|
| 245 | 1 | _aAntagonismo de algumas culturas, principalmente de inverno, a Meloidogyne javanica e Pratylenchus brachyurus | |
| 260 | 3 |
_aVicosa, MG (Brasil): _c1988. |
|
| 300 | _a40 p. | ||
| 500 | _a9 tables; Bibliography p. 32-37 (65 ref.); Summaries (Eng, Por). (*) Documento disponível na(o) Universidade Federal de Vicosa, MG (Brazil) | ||
| 650 | _aNEMATOIDE | ||
| 650 | _aCULTURA DE INVERNO | ||
| 909 |
_a202309 _bLucia _c55 _dLucia Elande |
||
| 942 | _cBK | ||
| 999 |
_c43537 _d43537 |
||